Missing Word: Anthonys Quiz Stats

Quiz Updated Jun 18, 2016

Challenge
Share
Tweet
Embed
Score 0/20 Timer 03:00
0 Plays Today
Hint Answer % Correct
Anthony Burgess
author: novels
Orange
95.8%
Anthony Mackie
actor: movies
Hurt
94.2%
Anthony Minghella
director: movies
English
89.2%
Anthony Minghella
director: movies
Ripley
88.5%
Anthony Mackie
actor: movies
Vampire
81.6%
Anthony Burgess
author: novels
Hand
73.5%
Anthony Minghella
director: movies
Cold
68%
Anthony Minghella
director: movies
Truly
67.7%
Anthony Mackie
actor: movies
Bureau
66.3%
Anthony Mackie
actor: movies
Winter
59.9%
Hint Answer % Correct
Anthony Kiedis
singer: RHCP songs
Tissue
57%
Anthony Mackie
actor: movies
Pain
55.3%
Anthony Kiedis
singer: RHCP songs
Bridge
54.4%
Anthony Kiedis
singer: RHCP songs
Way
53.5%
Anthony Kiedis
singer: RHCP songs
Give
48.1%
Anthony Minghella
director: movies
Entering
45.1%
Anthony Burgess
author: novels
Four
43%
Anthony Kiedis
singer: RHCP songs
Suck
34.3%
Anthony Burgess
author: novels
World
28%
Anthony Burgess
author: novels
Gang
20%

Today's Daily Dose

You're not logged in!

Compare scores with friends on all Sporcle quizzes.
Join for Free
OR
Log In

You Might Also Like...

Show Comments

Extras

Top Quizzes Today


Score Distribution

Your Account Isn't Verified!

In order to create a playlist on Sporcle, you need to verify the email address you used during registration. Go to your Sporcle Settings to finish the process.

Report this User

Report this user for behavior that violates our Community Guidelines.

Details: